Entry Nombre personal
001 - NÚMERO DE CONTROL
- campo de control: 241772
003 - IDENTIFICADOR DE NÚMERO DE CONTROL
- campo de control: SpMaBN
005 - FECHA Y HORA DE LA ÚLTIMA TRANSACCIÓN
- campo de control: 20250814181646.0
008 - ELEMENTOS DE DATO DE LONGITUD-FIJA
- campo de control de longitud fija: 921120nn anjnnaabn |n aaa
016 ## - NÚMERO DE CONTROL DE UNA AGENCIA BIBLIOGRÁFICA NACIONAL
- Número de control del registro: BNE19925964677
024 7# - IDENTIFICADOR DE OTROS ESTÁNDARES
- Número estándar o código: http://viaf.org/viaf/32885574/
- Fuente: viaf
024 7# - IDENTIFICADOR DE OTROS ESTÁNDARES
- Número estándar o código: https://isni.org/isni/0000000095145464
- Fuente: isni
024 7# - IDENTIFICADOR DE OTROS ESTÁNDARES
- Número estándar o código: http://www.wikidata.org/entity/Q378235
- Fuente: wikidata
040 ## - FUENTE DE CATALOGACIÓN
- Centro catalogador/agencia de origen: SpMaBN
- Lengua de catalogación: spa
- Centro/agencia transcriptor: SpMaBN
- Normas de descripción: rdc
- Convención/Normas de encabezamiento de materia/tesauro: embne
100 0# - ENCABEZAMIENTO-NOMBRE DE PERSONA
- Nombre de persona: Pedrarias Dávila
375 ## - GÉNERO/SEXO
- Género: Masculino
377 ## - IDIOMA ASOCIADO
- Código del idioma: spa
- Término de lengua/lenguaje: Español
400 1# - TRAZADO DE VÉASE--NOMBRE DE PERSONA
- Nombre de persona: Arias Dávila, Pedro
400 1# - TRAZADO DE VÉASE--NOMBRE DE PERSONA
- Nombre de persona: Dávila, Pedrarias
670 ## - FUENTE DE DATOS ENCONTRADOS
- Cita de la fuente: Larousse
670 ## - FUENTE DE DATOS ENCONTRADOS
- Cita de la fuente: Espasa: Pedrarias (Pedro Arias Dávila)
670 ## - FUENTE DE DATOS ENCONTRADOS
- Cita de la fuente: CD Names, 1992
670 ## - FUENTE DE DATOS ENCONTRADOS
- Cita de la fuente: LCSH
- Información encontrada: (Pedrarias, ca. 1440-1530)
